Spell the Marvel Character #51 - Statistics

General Stats
  • This quiz has been taken 29 times
  • The average score is 3 of 5
Answer Stats
Picture Answer % Correct
Hawkeye
100%
Korg
79%
Hulk
58%
Lightspeed
42%
U-Go Girl
42%
No matching quizzes found
Score Distribution
Percent of People with Each Score
Percentile by Number Answered
Your Score History
You have not taken this quiz